Protección de la calidad del agua subterránea guía para empresas de agua, autoridades municipales y agencias ambientales

Bibliographic Details
Main Author: Foster, Stephen
Format: Section = Libro
Language:Undetermined
Spanish
Published: [s.l.] Comisión Europea 2002
Subjects:
LEADER 00758nam a2200217Ia 4500
008 240829s9999 xx 000 0 und d
020 |a 84-8476-146-0 
040 |a BIBLIOTECA-RUPAP 628.114 P757 
041 |a spa 
082 |a 628.114 P757 
100 1 |a Foster, Stephen 
245 1 0 |a Protección de la calidad del agua subterránea guía para empresas de agua, autoridades municipales y agencias ambientales 
260 |a [s.l.]  |b Comisión Europea  |c 2002 
300 |a 115 p. :il. 
650 7 |a AGUA SUBTERRANEAS - PROTECCION - CALIDAD 
650 7 |b  CALIDAD DEL AGUA SUBTERRANEA 
650 7 |c  CONTAMINACION AGUA SUBTERRANEA 
650 7 |d  EVALUACION Y CONTROL - CONTAMINACION - AGUA SUBTERRANEA. I. Tít. 
942 |c BK  |2 ddc 
991 |a TEXTO 
999 |c 8442